000 00401 a2200157 4500
001 164260
020 _a
040 _cMagnum
100 _a-
240 1 0 _aConte outra vez: ali baba e os quarenta ladroes/o pequeno polegar
_lpor
245 1 0 _aConte outra vez: ali baba e os quarenta ladroes/o pequeno polegar
362 0 _a1899
440 1 _aGlobo
697 _aIJ/FADAS, FANTASIA
942 _cBK
999 _c164260
_d164260